Oldest Capital Cities - Statistics

General Stats
  • This quiz has been taken 46,098 times
    46,087 since last reset
  • The average score is 9 of 18
Answer Stats
Year Capital City % Correct
753 BC Rome
95%
before 1300 BC Athens
89%
1045 BC Beijing
80%
1st century BC Paris
80%
before 1300 BC Jerusalem
75%
before 1300 BC Damascus
67%
before 1000 BC Ankara
60%
before 1300 BC Beirut
55%
before 100 BC Lisbon
47%
18 BC Seoul
46%
600s BC Tripoli
40%
1st century BC or before Sofia
39%
1st century BC Budapest
31%
257 BC Hanoi
31%
1050 BC Nicosia
28%
before 279 BC Belgrade
26%
782 BC Yerevan
25%
194 BC Pyongyang
23%
No matching quizzes found
Score Distribution
Percent of People with Each Score
Percentile by Number Answered
Your Score History
You have not taken this quiz since the last reset